Anem al teatre : Osona : educació infantil, primària i secundària l'oferta de la Diputació de Barcelona i del teu Ajuntament : curs Osona :
Descripción Física:
Il·lustracions ; 24 cm
MARC
| LEADER | 00000nam a2200000Ia 4500 | ||
|---|---|---|---|
| 001 | 24264, 17880, 17683, 19439, 21688, 22941, 23220, 24027, 25997, 26005, 26010 | ||
| 003 | Arxiu | ||
| 005 | 20260324181510.0 | ||
| 008 | 160829s2005 - xx 000 0 cat d | ||
| 017 | |a DL B 16677-2016 | ||
| 017 | |a DL B 14347-2019 | ||
| 017 | |a DL B 13527-2018 | ||
| 080 | |a FU-64-103, FU-2-41, FU-15-3, FU-6-34, FU-43-14, FU-56-78, FU-59-65, FU-64-3 | ||
| 080 | |a FU-71-15 | ||
| 080 | |a FU-71-23 | ||
| 080 | |a FU-71-28 | ||
| 245 | |a Anem al teatre : |b Osona : |b educació infantil, primària i secundària |b l'oferta de la Diputació de Barcelona i del teu Ajuntament : |b curs | ||
| 246 | 3 | 3 | |a Anem al teatre : Osona |b teatre, música i dansa per a educació infantil i primària : l'oferta de la Diputació de Barcelona i del vostre Ajuntament |
| 260 | |a Barcelona : |b Diputació de Barcelona. Àrea de Cultura. Àrea d'Educació, |c 2005- | ||
| 300 | |b Il·lustracions ; |c 24 cm | ||
| 490 | 1 | |a Anem al teatre | |
| 500 | |a A partir de 2018: Anem al teatre : educació infantil, primària i secundària : l'oferta de la Diputació de Barcelona i del teu Ajuntament | ||
| 500 | |a A la portada: Arts escèniques i musicals | ||
| 590 | |a A la portada: Ajuntaments d'Osona i el Centre de Recursos Pedagògics d'Osona A partir de 2016, editat per Diputació de Barcelona. Àrea de Cultura, Educació i Esports i Ajuntaments d'Osona | ||
| 650 | 0 | |a Teatre |z Osona (Catalunya) |v Guies |9 47912 | |
| 650 | 0 | |a Música |z Osona (Catalunya) |v Guies |9 47913 | |
| 650 | 0 | |a Dansa |z Osona (Catalunya) |v Guies |9 47914 | |
| 650 | 0 | |a Cultura i lleure |z Osona (Catalunya) |9 47915 | |
| 710 | |9 53539 |a Centre de Recursos Pedagògics d'Osona | ||
| 710 | |9 8009 |a Barcelona (Catalunya : Província). |b Àrea d'Educació | ||
| 710 | 1 | |9 53536 |a Barcelona (Catalunya : Província). |b Àrea de Cultura | |
| 710 | 1 | |a Barcelona (Catalunya : Província). |b Àrea de Cultura, Educació i Esports |9 52666 | |
| 830 | 0 | |9 56316 |a Anem al teatre (Barcelona (Catalunya : Província). Diputació) | |
| 866 | |a 2002-2003, 2005-2006 (9a ed.), 2006-2007 (10a ed.), 2007-2008 (11a ed.), 2008-2009 (12a ed.), 2010-2011 (14a ed.), 2011-2012 (15a ed.), 2013-2014 (17a ed.), 2016-17 (20a ed.), 2018-19 (22a ed.), 2019-20 (23a ed.) | ||
| 901 | |a Arxiu | ||
| 942 | |n 1 |2 udc | ||
| 952 | |0 0 |1 0 |4 0 |7 1 |9 54198 |a Arxiu |b Arxiu |d 2016-12-01 |h 2007-08 (11a ed.) |o FU-6-34 |p 19439 |r 2016-12-01 00:00:00 |w 2016-12-01 |y ARXIU | ||
| 952 | |0 0 |1 0 |4 0 |6 FU7115 |7 1 |9 62462 |a Arxiu |b Arxiu |d 2022-06-20 |h 2016-17 (20a ed.) |l 0 |o FU-71-15 |p 25997 |r 2022-06-20 00:00:00 |w 2022-06-20 |y ARXIU | ||
| 952 | |0 0 |1 0 |4 0 |6 FU7123 |7 1 |9 62475 |a Arxiu |b Arxiu |d 2022-06-20 |h 2019-20 (23a ed.) |l 0 |o FU-71-23 |p 26005 |r 2022-06-20 00:00:00 |w 2022-06-20 |y ARXIU | ||
| 952 | |0 0 |1 0 |4 0 |6 FU7128 |7 1 |9 62476 |a Arxiu |b Arxiu |d 2022-06-20 |h 2018-19 (22a ed.) |l 0 |o FU-71-28 |p 26010 |r 2022-06-20 00:00:00 |w 2022-06-20 |y ARXIU | ||
| 952 | |0 0 |1 0 |4 0 |7 1 |9 65654 |a Arxiu |b Arxiu |d 2023-03-15 |h 2006-07 (10a ed.) |o FU-15-3 |p 17683 |r 2023-03-15 00:00:00 |w 2023-03-15 |y ARXIU | ||
| 952 | |0 0 |1 0 |4 0 |6 FU4314 |7 1 |9 65985 |a Arxiu |b Arxiu |d 2023-04-05 |h 2008-09 (12a ed.) |l 0 |o FU-43-14 |p 21688 |r 2023-04-05 00:00:00 |w 2023-04-05 |y ARXIU | ||
| 952 | |0 0 |1 0 |4 0 |7 1 |9 66087 |a Arxiu |b Arxiu |d 2023-04-13 |h 2010-11 (14a ed.) |o FU-56-78 |p 22941 |r 2023-04-13 00:00:00 |w 2023-04-13 |y ARXIU | ||
| 952 | |0 0 |1 0 |4 0 |6 FU5965 |7 1 |9 66111 |a Arxiu |b Arxiu |d 2023-04-13 |h 2011-12 (15a ed.) |l 0 |o FU-59-65 |p 23220 |r 2023-04-13 00:00:00 |w 2023-04-13 |y ARXIU | ||
| 952 | |0 0 |1 0 |4 0 |7 1 |9 66149 |a Arxiu |b Arxiu |d 2023-04-18 |h 2002-03 (6a ed.) |o FU-64-103 |p 24264 |r 2023-04-18 00:00:00 |w 2023-04-18 |y ARXIU | ||
| 952 | |0 0 |1 0 |4 0 |6 FU643 |7 1 |9 66153 |a Arxiu |b Arxiu |d 2023-04-18 |h 2013-14 (17a ed.) |l 0 |o FU-64-3 |p 24027 |r 2023-04-18 00:00:00 |w 2023-04-18 |y ARXIU | ||
| 952 | |0 0 |1 0 |4 0 |6 FU241 |7 1 |9 66209 |a Arxiu |b Arxiu |d 2023-04-27 |h 2005-06 (9a ed.) |l 0 |o FU-2-41 |p 17880 |r 2023-04-27 00:00:00 |w 2023-04-27 |y ARXIU | ||
| 999 | |c 58067 |d 58067 | ||